000 00471nam a2200205Ia 4500
008 210210b1944 xxu||||| |||| 00| 0 eng d
041 _aeng
082 _a520/59
100 _aFATH (Edward Arthur)
245 _aElements of astronomy Ed 4
250 _a
260 _aNew York
_bMcGraw-Hill Book Company Inc.
_c1944
300 _axi,386
650 _aElements
650 _aEd
650 _aastronomy
650 _a4
690 _aAstronomy
906 _a008044
999 _c126035
_d126035